000 00656nam a2200241Ia 4500
003 OSt
005 20220918201317.0
006 a|||||r|||| 00| 0
007 ta
008 220917b |||||||| |||| 00| 0 eng d
024 _a93,034
037 _cTextual
040 _aARTS
_cARTS
_beng
041 _2eng
_aeng
082 _aV2wM71, N6
100 _aMadhukar K H
_998068
245 0 _aSachchidananda Sinha
_b a maker of Bihar and Modern India
260 _aNew Delhi
_bNorthern Book Centre India
_c1996
300 _axiv,143p.
_ccm.
650 _aHISTORY
942 _hV2wM71, N6
_cTEXL
_2CC
999 _c216682
_d216682